Primi 15 paesi interessati da Covid-19 - 9 giugno - Statistics

Statistiche generali
  • Questo quiz è stato fatto 2 volte
  • Il punteggio medio è 15 su 26
Statistiche sulle risposte
nazione % Corretto
Belgio
100%
Francia
100%
Germania
100%
India
100%
Italia
100%
Messico
100%
Regno Unito
100%
Russia
100%
Spagna
100%
Stati Uniti
100%
Bielorussia
50%
Brasile
50%
Cile
50%
Cile
50%
Iran
50%
Irlanda
50%
Perù
50%
Svezia
50%
Turchia
50%
Arabia Saudita
0%
Armenia
0%
Bahrain
0%
Emirati Arabi Uniti
0%
Kuwait
0%
Qatar
0%
Singapore
0%
Nessun quiz corrispondente trovato
Distribuzione punteggi
Percentuale di utenti per punteggio
Percentile per numero di risposta
I tuoi punteggi nel tempo
Non hai fatto questo quiz